000 00362nam a2200133Ia 4500
008 151001s9999||||xx |||||||||||||| ||und||
100 _aहरी नारायण आपटे
245 _aसूर्यग्रहण
250 _a4
260 _bआर्यभूषण मुद्रणालय
260 _c1964
300 _a12
365 _b8.5
999 _c953874
_d953871